La niña de hoy es la mujer de mañana : Informe ejecutivo del proyecto /
Volumen cuarto que da cuenta de los resultados de una investigación sociológica acerca de los problemas y especificidades de la vida de la niñas mexicanas, con el objeto de impulsar desde la infancia, una cultura de equidad de género y establecer las bases para promover políticas públicas que consid...
Збережено в:
| Автор: | |
|---|---|
| Інші автори: | , |
| Формат: | Книга |
| Мова: | Іспанська |
| Опубліковано: |
México :
Grupo Interdisciplinario sobre Mujer, Trabajo y Pobreza ; Sistema Nacional para el Desarrollo Integral de la Familia ; UNICEF,
1998, c1998
|
| Предмети: | |
| Теги: |
Немає тегів, Будьте першим, хто поставить тег для цього запису!
|
MARC
| LEADER | 00000nam^a2200000^a^4500 | ||
|---|---|---|---|
| 001 | 000131812 | ||
| 005 | 20250521000000.0 | ||
| 009 | 20260310095037.185 | ||
| 037 | |a Acervo ITESO - Biblioteca | ||
| 041 | |a ESP | ||
| 082 | |a 305. 421 |b RIQ V. 4 | ||
| 100 | |a Riquer Fernández, Florinda |e (coord.) | ||
| 240 | 1 | 4 | |a [La niña de hoy es la mujer de mañana] |
| 245 | 1 | 3 | |a La niña de hoy es la mujer de mañana : |b Informe ejecutivo del proyecto / |c Coord. de F. Riquer ; colaboración de P. Bonfil, N. Bojórquez. |
| 264 | 4 | |a México : |b Grupo Interdisciplinario sobre Mujer, Trabajo y Pobreza ; |b Sistema Nacional para el Desarrollo Integral de la Familia ; |b UNICEF, |c 1998, c1998 | |
| 300 | |a 47 p. | ||
| 336 | |a texto |b txt |2 rdacontenido | ||
| 337 | |a sin mediación |b n |2 rdamedio | ||
| 338 | |a volumen |b nc |2 rdasoporte | ||
| 520 | |a Volumen cuarto que da cuenta de los resultados de una investigación sociológica acerca de los problemas y especificidades de la vida de la niñas mexicanas, con el objeto de impulsar desde la infancia, una cultura de equidad de género y establecer las bases para promover políticas públicas que consideren como ejes fundamentales los derechos y la igualdad de oportunidades entre los géneros. En este volumen, se presentan los antecedentes del proyecto, y un análisis de la mujer como objeto de las políticas públicas, así como los planes y programas gubernamentales dirigidos a la mujer y a las niñas en particualar. Se ofrece un resumen de la investigación y una propuesta para la elaboración de políticas públicas centradas en un modelo de equidad para la infancia. | ||
| 649 | |a XX | ||
| 650 | |a Niños Mexicanos - |x Condiciones Jurídicas | ||
| 650 | |a Niños Mexicanos - |x Condiciones Sociales y Culturales | ||
| 650 | |a Mujeres Mexicanas - |x Condiciones Jurídicas | ||
| 650 | |a Mujeres Mexicanas - |x Condiciones Sociales y Culturales | ||
| 650 | |a Género - |z México | ||
| 650 | |a Roles de Género - |z México | ||
| 650 | |a Identidad de Género - |z México | ||
| 650 | |a Discriminación de Género - |z México | ||
| 650 | |a Pobreza - |z México | ||
| 650 | |a Justicia e Injusticia - |z México | ||
| 650 | |a Igualdad y Desigualdad - |z México | ||
| 650 | |a Problemas Sociales - |z México | ||
| 650 | |a Política Social - |z México | ||
| 650 | |a Asistencia Pública - |z México | ||
| 650 | |a Programas Sociales - |z México | ||
| 650 | |a Derechos Humanos - |z México | ||
| 650 | |a Derechos Civiles - |z México | ||
| 650 | |a Derecho Social - |z México | ||
| 700 | |a Bonfil, Paloma |e (colaboración) | ||
| 700 | |a Bojórquez, Nelia |e (colaboración) | ||
| 910 | |a Fondo General | ||
| 920 | |a Impresos - Libros | ||
| 930 | |a Colección General | ||
| 905 | |a 101 | ||
| 901 | |a 0500062192 |b IT1 |c ACC |u 20250521 | ||
| 902 | |a https://opac.biblio.iteso.mx/vufind/Record/000131812 | ||